000 00406nam a2200169Ia 4500
003 0100
008 130303s9999 xx 000 0 und d
040 _cARRUPELIB
050 _aMT860.C34 1955
100 _aCarroll, Joseph Robert
245 4 _aThe technique of Gregorian chironomy
260 _aToledo OH
260 _bGregorian Institute of America
260 _C1955
300 _a92p
942 0 0 _01
999 _c52691
_d52691